00383nam a2200133Ia 45000010005000000080041000050200022000460820023000681000032000912450059001232600025001829010027002079990015002344200241024s9999 xx 000 0 und d a978-9945-074-64-2 aRD/972.93053/R696c aAlonso Rodríguez Demorizi 0aDrama de Trujillo, Cronología comentada nueva canosa bEditora Búhoc2012 a19/8/2016 2:59:29 p.m. c7561d7561